Pays qui produisent le plus d'amandes - Statistiques

Statistiques générales
  • Ce quiz a été pris 114 fois
  • Le résultat moyen est 12 sur 20
Statistiques - réponses
tonnes x 1000 pays % Correct
720 Etats-Unis
88%
34 Algérie
85%
43 Chine
85%
215 Espagne
84%
99 Maroc
84%
90 Italie
82%
75 Turquie
80%
70 Tunisie
78%
29 Grèce
73%
32 Libye
65%
100 Iran
62%
86 Syrie
60%
26 Liban
57%
143 Australie
54%
9 Israël
50%
21 Pakistan
50%
62 Afghanistan
38%
25 Chili
27%
9 Palestine
17%
20 Ouzbékistan
11%
Aucun quiz correspondant
Distribution des résultats
% des personnes avec chaque résultat
Percentile par nombre de réponses
Votre historique - résultats
Vous n’avez pas pris ce quiz